000 00727nam a2200265 4500
001 14432
003 BD-RjUL
005 20211208235628.0
008 140206t1954 ctua b 000 0 eng
020 _a0837151694
035 _a(BD-RjUL)14484
040 _aDLC
_cDLC
_dDLC
_dBD-RjUL
_beng
041 _aeng
082 0 0 _a916.11
_bLAT
100 1 _aLaitman, Leon.
_945012
245 1 0 _aTunisia today;
_bcrisis in North Africa /
260 _aWestport, Conn. :
_bGreenwood Press ,
_c c1954.
300 _a216 p. :
_billus. ;
_c23 cm.
504 _aBibliography: p. 215-216.
650 _aTunisia --Guide book
_945013
651 0 _aTunisia.
_945014
942 _2ddc
_cBK
999 _c14432
_d14432